Economic development and planning in north east india / (Record no. 139991)

MARC details
000 -LEADER
fixed length control field 00554nam a22001817a 4500
005 - DATE AND TIME OF LATEST TRANSACTION
control field 20170517112218.0
010 ## - LCCN (DPL NO)
LC control number ENG-118190
020 ## - INTERNATIONAL STANDARD BOOK NUMBER
International Standard Book Number 9789384275242
Terms of availability 995.00
035 ## - SYSTEM CONTROL NUMBER
System control number EN-101722
037 ## - SOURCE OF ACQUISITION
Source of stock number/acquisition DBAD/PUB
082 ## - DEWEY DECIMAL CLASSIFICATION NUMBER
Classification number 338.9545
100 ## - MAIN ENTRY--PERSONAL NAME
Personal name Purohit, Ashok
245 ## - TITLE STATEMENT
Title Economic development and planning in north east india /
Statement of responsibility, etc Ashok Purohit
260 ## - PUBLICATION, DISTRIBUTION, ETC. (IMPRINT)
Place of publication, distribution, etc India
Name of publisher, distributor, etc NE BOOKS AND PUBLISHERS
Date of publication, distribution, etc 2017
270 ## - ADDRESS
Address National Highway Silchar- 788005 Assam, India
300 ## - PHYSICAL DESCRIPTION
Extent 210p.
Dimensions 23cm. (Hb)
942 ## - ADDED ENTRY ELEMENTS (KOHA)
Source of classification or shelving scheme Dewey Decimal Classification
Item type English Books
Classification part 338.9545
Call number suffix PUR
Holdings
Withdrawn status Lost status Not for loan Collection code Home library Current library Date acquired Source of acquisition Cost, normal purchase price Full call number Barcode Copy number Cost, replacement price Koha item type
    Not For Loan Non-fiction D.B.Act.Division D.B.Act.Division 17/05/2017 DBAD/PUB 995.00 338.9545 PUR EN-101722 1 995.00 English Books

© Delhi Public Library
Hit Counter
free hit counter